000
00324nam a2200145Ia 4500
008
230718s9999 xx 000 0 und d
041
_a
Eng.
082
_a
340.1
_b
DIA-J
100
_a
Dias, R. W.M
245
0
_a
JurisPrudence
260
_a
Pakistan
_b
Adillya Books
_c
1994
300
_a
520
650
_a
Law
999
_c
31331
_d
31331